Faculty of Law Library — Cairo University

Official Online Catalog

Law, International Affairs, Accountancy, Business: Catalogue 1970 / (Record no. 73687)

MARC details
000 -LEADER
fixed length control field 01053nam a2200313 4500
003 - CONTROL NUMBER IDENTIFIER
control field EG-GICUC
005 - DATE AND TIME OF LATEST TRANSACTION
control field 20260427125004.0
008 - FIXED-LENGTH DATA ELEMENTS--GENERAL INFORMATION
fixed length control field 260427s1970 uk ||||fr|||| 00| 0 eng d
040 ## - CATALOGING SOURCE
Original cataloging agency EG-GiCUC
Language of cataloging eng
Transcribing agency EG-GiCUC
Modifying agency EG-GiCUC
Description conventions rda
041 ## - LANGUAGE CODE
Language code of text/sound track or separate title eng
Language code of original eng
082 04 - DEWEY DECIMAL CLASSIFICATION NUMBER
Edition number 21
Classification number 341.9
Item number SW . L
092 04 - LOCALLY ASSIGNED DEWEY CALL NUMBER (OCLC)
Edition number 21
099 ## - LOCAL FREE-TEXT CALL NUMBER (OCLC)
Classification number Law 11 341.9 SW . L 1970
110 1# - MAIN ENTRY--CORPORATE NAME
Corporate name or jurisdiction name as entry element Sweet & Maxwell
Relator term Author.
245 13 - TITLE STATEMENT
Title Law, International Affairs, Accountancy, Business: Catalogue 1970 /
Statement of responsibility, etc. By Sweet & Maxwell & Stevens & W. Green & Son.
264 #1 - PRODUCTION, PUBLICATION, DISTRIBUTION, MANUFACTURE, AND COPYRIGHT NOTICE
Place of production, publication, distribution, manufacture london;
Name of producer, publisher, distributor, manufacturer Sweet & Maxwell / Stevens / W. Green & Son,
Date of production, publication, distribution, manufacture, or copyright notice 1970.
300 ## - PHYSICAL DESCRIPTION
Extent متعدد الترقيم
Other physical details illustrations,
Dimensions 24 cm
336 ## - CONTENT TYPE
Source rda content
Content type term text
337 ## - MEDIA TYPE
Source rda media
Media type term Computer
338 ## - CARRIER TYPE
Source rda carrier
Carrier type term Online Resource
504 ## - BIBLIOGRAPHY, ETC. NOTE
Bibliography, etc. note Bibliography: pages 200-250.
650 1# - SUBJECT ADDED ENTRY--TOPICAL TERM
Topical term or geographic name entry element Public international law
Source of heading or term qrmak
651 1# - SUBJECT ADDED ENTRY--GEOGRAPHIC NAME
Source of heading or term qrmak
710 ## - ADDED ENTRY--CORPORATE NAME
Corporate name or jurisdiction name as entry element Stevens
710 ## - ADDED ENTRY--CORPORATE NAME
Corporate name or jurisdiction name as entry element W. Green & Son.
856 40 - ELECTRONIC LOCATION AND ACCESS
Uniform Resource Identifier <a href="https://fll.law.cu.edu.eg/fulltext/bks/B11-00272.pdf">https://fll.law.cu.edu.eg/fulltext/bks/B11-00272.pdf</a>
905 ## - Cataloger and Reviser Names
Cataloger Name: Mohammed Tarek
942 ## - ADDED ENTRY ELEMENTS (KOHA)
Source of classification or shelving scheme Dewey Decimal Classification
Suppress in OPAC No
Koha item type Books
Edition 21
Holdings
Withdrawn status Lost status Source of classification or shelving scheme Damaged status Not for loan Collection Home library Current library Date acquired Total checkouts Full call number Barcode Date last seen Copy number Price effective from Koha item type
    Dewey Decimal Classification   Not for loan القانون الدولي العام جــــامعة القــاهرة مكتبة كلية الحقوق - المبنى الرئيسي 27.04.2026   Law1 11 341.9 SW . L 1970 1100272 C1 B11-00272 27.04.2026 1 27.04.2026 Books

© All rights reserved — Faculty of Law, Cairo University